| 000 | 00587ntaaa2200205 4500 | ||
|---|---|---|---|
| 003 | 01 | ||
| 005 | 20251027202050.0 | ||
| 008 | 0714s1973 ag 01 | ||
| 040 |
_aAR-BaBN _bspa _cAR-BaBN _eaacr _dRIC |
||
| 082 | _a252 C86 | ||
| 245 |
_aObras de San Juan Crisóstomo / _cDaniel Ruíz Bueno |
||
| 250 | _a1 ed. | ||
| 260 |
_aMadrid : _bBiblioteca de autores cristianos, _cc1955 |
||
| 300 | _a2 tomos | ||
| 500 | _aHomilías sobre el evangélio de San Mateo | ||
| 650 |
_aPadres de la iglesia _91069 |
||
| 650 | _aBiblia-N.T.-Mateo | ||
| 700 |
_aRuíz Bueno, Daniel _98387 |
||
| 942 | _cBK | ||
| 999 |
_c15494 _d15494 |
||